|
|
|
|
| LEADER |
00849nam a2200253 a 4500 |
| 001 |
adlib96000001 |
| 003 |
ViArRB |
| 005 |
20151026131051.0 |
| 008 |
960221s1955 dcuabcdjdbkoqu001 0deng d |
| 020 |
|
|
|
| 022 |
|
|
|
| 040 |
|
|
|a Adlib
|
| 082 |
|
|
|a 629.12:628.31
|
| 245 |
|
|
|a Computer Applications in the Automation of Shipyard Operation and Ship Design
|
| 250 |
|
|
|a 3rd
|
| 260 |
|
|
|a Amsterdam
|b North-Holland Publishing Company
|c 1979
|
| 300 |
|
|
|a xiv, 413 p.
|
| 500 |
|
|
|a "IFIP/IFAC Third International Conference, University of Strathclyde, Glasgow, Jun 18-21, 1979
|
| 100 |
|
|
|a Kuo, C
|
| 700 |
|
|
|a Callum, Mac. K.J
|a William. T.J.
|
| 942 |
|
|
|c REF
|6 _
|
| 653 |
|
|
|a Operation and Ship Design
|
| 999 |
|
|
|c 19613
|d 19613
|
| 952 |
|
|
|0 0
|1 0
|4 0
|6 6291262831_KUO
|7 0
|9 31165
|a UL
|b UL
|d 2010-06-16
|o 629.12:628.31 KUO
|p 00035740
|r 2010-06-16
|w 2010-06-16
|y REF
|